|
|
|
|
| LEADER |
00000nab a2200000 a 4500 |
| 001 |
vtls000688059 |
| 003 |
SK-MaSNL |
| 005 |
20260304035740.0 |
| 008 |
161010c1997 xo 0 slo |
| 015 |
|
|
|a SNBRB1999/04-09226
|
| 035 |
|
|
|a CLN000040226
|
| 040 |
|
|
|a SNKBUCL
|b slo
|c SNKBUCL
|e AACR2
|
| 041 |
0 |
|
|a slo
|
| 044 |
|
|
|a xo
|c SK
|
| 080 |
|
|
|a 617.5:611.94:615.33
|2 1997
|
| 080 |
|
|
|a 616.24-089
|2 1997
|
| 080 |
|
|
|a 615.33
|2 1997
|
| 245 |
0 |
0 |
|a Antibiotická profylaxia v hrudnej chirurgii
|c M. Janík ... [et al.]
|
| 300 |
|
|
|b Tab.
|
| 504 |
|
|
|a Bibliogr. odkazy
|
| 650 |
0 |
7 |
|a antibiotiká
|2 SNKPH
|9 2424
|
| 650 |
0 |
7 |
|a chirurgia hrudníka
|2 SNKPH
|9 84373
|
| 650 |
0 |
7 |
|a infekcie
|2 SNKPH
|9 685
|
| 650 |
0 |
7 |
|a asepsa
|2 SNKPH
|9 56703
|
| 655 |
|
7 |
|a články z novín a časopisov
|2 SNK
|9 267496
|
| 700 |
1 |
|
|a Janík, M.
|4 aut
|9 352142
|
| 700 |
1 |
|
|a Vajó, Július,
|d 1939-2020
|4 aut
|9 235772
|
| 700 |
1 |
|
|a Bodnárová, A.
|4 aut
|9 1319991
|
| 700 |
1 |
|
|a Belák, J.
|4 aut
|9 835886
|
| 700 |
1 |
|
|a Eperješi, O.
|4 aut
|9 1240239
|
| 700 |
1 |
|
|a Podhradská, M.
|4 aut
|9 1151022
|
| 773 |
0 |
|
|x 0035-9951
|t Rozhledy v chirurgii
|g Roč. 76, č. 6 (1997), s. 281-283
|
| 850 |
|
|
|a Slovenská národná knižnica v Martine
|
| 852 |
|
|
|a SNK
|b KIS3GCP
|
| 958 |
|
|
|a NB
|
| 958 |
|
|
|a RBX
|
| 999 |
|
|
|c 2659587
|d 2661517
|